Data structures through C (Record no. 10835)

000 -LEADER
fixed length control field 00453 a2200169 4500
020 ## - INTERNATIONAL STANDARD BOOK NUMBER
International Standard Book Number 9788176567060
082 ## - DEWEY DECIMAL CLASSIFICATION NUMBER
Classification number 005.73
090 ## - LOCALLY ASSIGNED LC-TYPE CALL NUMBER (OCLC); LOCAL CALL NUMBER (RLIN)
-- 7026
-- 7026
100 ## - MAIN ENTRY--PERSONAL NAME
Personal name Kanetkar, Yashavant P.
245 ## - TITLE STATEMENT
Title Data structures through C
Statement of responsibility, etc. Yashavant P.Kanetkar
250 ## - EDITION STATEMENT
Edition statement 2 nd ed.
260 ## - PUBLICATION, DISTRIBUTION, ETC.
Place of publication, distribution, etc. New Delhi
Name of publisher, distributor, etc. BPB Publications
Date of publication, distribution, etc. 2009
300 ## - PHYSICAL DESCRIPTION
Extent 647 p.
650 ## - SUBJECT ADDED ENTRY--TOPICAL TERM
Topical term or geographic name entry element Data structures--Computer science
700 ## - ADDED ENTRY--PERSONAL NAME
Personal name Yashavant P.Kanetkar
942 ## - ADDED ENTRY ELEMENTS (KOHA)
Koha item type Book
Call number prefix 005.73 KAN
Holdings
Withdrawn status Lost status Damaged status Not for loan Collection code Permanent Location Current Location Shelving location Date acquired Source of acquisition Cost, normal purchase price Total Checkouts Total Renewals Full call number Barcode Date last seen Date last checked out Price effective from Koha item type
          Central Library (CL) Central Library (CL) First Floor - Operating System/ Data Structure 04/13/2012 Allied Book Company 392.83 3 1 005.73 KAN SEECS011179 12/07/2018 12/03/2018 01/05/2017 Book
          Central Library (CL) Central Library (CL) First Floor - Operating System/ Data Structure 04/13/2012 Allied Book Company 392.83     005.73 KAN SEECS011177 11/14/2012   01/05/2017 Book
          Central Library (CL) Central Library (CL) First Floor - Operating System/ Data Structure 04/13/2012 Allied Book Company 392.83 3   005.73 KAN SEECS011178 10/10/2023 08/24/2023 01/05/2017 Book
© 2023 Central Library, National University of Sciences and Technology. All Rights Reserved.